Quizz sur Karim Benzema - Statistiques

Statistiques générales
  • Ce quiz a été pris 244 fois
  • Le résultat moyen est 10 sur 13
Statistiques - réponses
Questions Tes réponses % Correct
Dans quel club de foot, Karim Benzema est-il resté durant 15 ans ? Real madrid
99%
Avant de rejoindre le Real Madrid, dans quel club français Karim Benzema a-t-il évolué au début de sa carrière de footballeur ? L'Olympique Lyonnais
98%
En quelle année, Karim Benzema a-t-il remporté son premier Ballon d’Or ? 2022
94%
Combien de buts, Karim Benzema inscrit-il face au PSG pour qualifier le Real Madrid en quarts de finale de Ligue des champions en 2022 ? 3
94%
En 2023, combien de Ligues des champions Karim Benzema possède-t-il dans son armoire à trophées ? 5
94%
Quel est le numéro de maillot porté par Karim Benzema durant la majeure partie de sa carrière au Real Madrid ? 9
94%
Quelle est la seule Coupe du monde de foot dans laquelle Karim Benzema a participé à la phase finale ? 2014
86%
Quel attaquant et star du football mondial était le modèle de Karim Benzema à ses débuts ? Ronaldo
86%
Parmi ces trophées, quelle compétition Karim Benzema a-t-il remporté avec l’Équipe de France en 2021 ? La ligue des nations
83%
Quel club de football saoudien Karim Benzema a-t-il rejoint au début de la saison 2023-2024 ? Al-Ittihad
68%
Dans une interview de 2010, à quel animal José Mourinho avait-il comparé Karim Benzema, alors en mal de buts à ses débuts au Real Madrid ? Un Chat
43%
Dans le titre « Fais-moi la passe », avec quel rappeur Karim Benzema fait-il une apparition en 2011 dans le monde de la musique ? Rohff
38%
Quel entraîneur de football a lancé Karim Benzema avec l’Olympique Lyonnais le 15 janvier 2005 pour sa première apparition en Ligue 1 ? Paul Le Guen
19%
Aucun quiz correspondant
Distribution des résultats
% des personnes avec chaque résultat
Percentile par nombre de réponses
Votre historique - résultats
Vous n’avez pas pris ce quiz